Jak se vymanit ze systému [získejte kontrolu nad svým životem : podstata technogenního systému a jak nás ovlivňuje]

Bibliographic Details
Main Author: Zeland, Vadim (Author)
Other Authors: Slámová, Jana (prekladateľka) (Translator)
Format: Book
Language:Czech
Russian
PhysicalDescription:360 s. 24 cm
Published: Bratislava Eugenika 2017
ISBN:9788081005091
Edition:1. vyd.
Subjects:

MARC

LEADER 00000cam a2200000 a 4500
001 vtls011711080
003 SK-MaSNL
005 20260302020257.0
008 240318s2017 xo g 000 0 cze
015 |a SNBA2017/11 
020 |a 9788081005091  |q (brož.) 
035 |a urn:nbn:sk:snk-am00dzq2 
035 |a urn:nbn:sk:snk-am3ia1y 
035 |a 9B6566DF-792D-4410-B5C5-1CDFAA01663E 
040 |a SNK  |b slo  |c SNK  |e AACR2 
041 1 |a cze  |h rus 
044 |a xo  |c SK 
072 7 |a 159.92  |x Vývinová psychológia. Psychológia osobnosti  |2 konspekt 
080 |a 165.242.1  |2 2011 
080 |a 159.923.5  |2 2011 
080 |a 316.728  |2 2011 
080 |a 17.02  |2 2011 
080 |a (0.062)  |2 2011 
080 |a 577.337  |2 2011 
100 1 |a Zeland, Vadim  |4 aut  |9 356520 
240 1 0 |a Vzlom technogennoj sistemy  |l Česky 
245 1 0 |a Jak se vymanit ze systému  |b [získejte kontrolu nad svým životem : podstata technogenního systému a jak nás ovlivňuje]  |c Vadim Zeland ; [překlad Jana Slámová] 
250 |a 1. vyd. 
260 |a Bratislava  |b Eugenika  |c 2017 
300 |a 360 s.  |c 24 cm 
500 |a Pravdepodobne preložené z ruského originálu 
504 |a Poznámky 
650 0 7 |a sebapoznanie  |2 SNKPH  |9 4292 
650 0 7 |a sebazdokonaľovanie  |2 SNKPH  |9 16609 
650 0 7 |a životný štýl  |2 SNKPH  |9 1704 
650 0 7 |a životná harmónia  |2 SNKPH  |9 4976 
650 0 7 |a Self-consciousness  |2 SNKPHeng  |9 281701 
650 0 7 |a Self-actualization  |2 SNKPHeng  |9 275895 
650 0 7 |a Style of life  |2 SNKPHeng  |9 265362 
650 0 7 |a Harmony of life  |2 SNKPHeng  |9 306452 
650 0 7 |a energetický systém človeka  |2 SNKPH  |9 67686 
650 0 7 |a Human bioenergetics  |2 SNKPHeng  |9 313146 
655 7 |a populárno-náučné publikácie  |2 SNKPH  |9 70460 
655 7 |a Popular works  |2 SNKPHeng  |9 90287 
700 1 |a Slámová, Jana  |c (prekladateľka)  |4 trl  |9 185829 
852 |a Štátna vedecká knižnica v Banskej Bystrici 
919 |a 978-80-8100-509-1 
958 |a OP 
968 |a Čes  |b RUS 
999 |c 1024488  |d 1026418 
952 |a SNK  |b SNK  |y PREZ  |7 0  |p 17A1272688  |o snkSC 176693  |i snk2017/22323  |8 0  |0 0  |1 0  |4 0  |d 2017-10-13  |f 1  |l 0  |r 2025-09-18 00:00:00  |w 2026-02-24 
952 |a SNK  |b SNK  |y VYP  |7 0  |p 17A1272689  |o snkSC 176693 D1  |i snk2017/22331  |8 0  |0 0  |1 0  |4 0  |d 2017-10-13  |l 0  |r 2026-02-24 13:34:57  |w 2026-02-24